00685nam a2200181 i 450000100060000000300090000600500170001500700030003200800410003510000310007624501190010726000370022630000320026370000370029585200320033299900170036495201220038159925ES-MaACL20230906164125.0t|031031s1972 sp ||||1| spa d1 aEscholier, Raymond.94754110aVíctor Hugo b: rey de su siglo / cRaymond Escholier ; traducción del francés por Fernando Sacconé Ramos. aMadrid : bEspasa-Calpe, c1972. a300 p., 8 lám. ; c23 cm.1 aSaccone Ramos, Fernando.9204142 aES-MaACLjC-49392 bR.84204 c59925d59925 00104070aATENEOMbATENEOMcDEPO2d2008-01-17eSCl0oC-49392p1062848r2023-02-23 00:00:00w2023-02-23yMONOGRAFIA